[Event "Mittelfrank Regionalliga Nord-Ost 2122"]
[Site "Mittelfranken"]
[Date "2022.03.20"]
[Round "4.1"]
[White "Jansa, Vlastimil"]
[Black "Herning, Jens"]
[Result "1-0"]
[WhiteElo "2369"]
[BlackElo "2065"]
[PlyCount "41"]
[EventDate "2021.10.24"]
[EventType "team-tourn"]
[EventRounds "9"]
[EventCountry "GER"]
[SourceTitle "EXT 2024"]
[Source "ChessBase"]
[SourceDate "2023.10.10"]
[SourceVersion "1"]
[SourceVersionDate "2023.10.10"]
[SourceQuality "1"]
[WhiteTeam "Forchheim SC"]
[BlackTeam "Buechenbach/Roth"]
[WhiteTeamCountry "GER"]
[BlackTeamCountry "GER"]

1. e4 c5 2. Nf3 Nc6 3. Bb5 e6 4. 0-0 Nge7 5. b3 a6 6. Bxc6 Nxc6 7. Bb2 b5 8. a4 Bb7 9. Qe2 Qb6 10. Na3 b4 11. Nc4 Qc7 12. a5 d6 13. d4 cxd4 14. Nxd4 Ne5 15. Nb6 Rd8 16. f4 Nd7 17. f5 e5 18. Ne6 fxe6 19. Qh5+ Ke7 20. fxe6 g6 21. Qf3 1-0

[Event "Regionalliga NO 1617"]
[Site "Bayern"]
[Date "2016.11.20"]
[Round "2.4"]
[White "Herning, Jens"]
[Black "Wallinger, Manfred"]
[Result "1/2-1/2"]
[WhiteElo "2104"]
[BlackElo "2051"]
[PlyCount "69"]
[EventDate "2016.10.16"]
[EventType "team-tourn"]
[EventRounds "9"]
[EventCountry "GER"]
[SourceTitle "EXT 2019"]
[Source "ChessBase"]
[SourceDate "2018.10.10"]
[SourceVersion "1"]
[SourceVersionDate "2018.10.10"]
[SourceQuality "1"]
[WhiteTeam "Buechenbach/Roth"]
[BlackTeam "Altensittenbach"]
[WhiteTeamCountry "GER"]
[BlackTeamCountry "GER"]

1. d4 d5 2. c4 c6 3. Nf3 e6 4. e3 Nf6 5. Bd3 Be7 6. 0-0 0-0 7. Nc3 b6 8. e4 dxe4 9. Nxe4 Qc7 10. b3 Bb7 11. Bb2 Nbd7 12. Qe2 Rad8 13. Rfd1 Rfe8 14. Rac1 c5 15. dxc5 Bxe4 16. Bxe4 Nxe4 17. Qxe4 bxc5 18. Ne5 Bf6 19. f4 Nxe5 20. Bxe5 Bxe5 21. Qxe5 Qxe5 22. fxe5 f6 23. exf6 gxf6 24. Kf2 Kf7 25. Ke2 Ke7 26. Rxd8 Rxd8 27. Rd1 Rg8 28. Kf3 Rg5 29. Rd2 Rf5+ 30. Ke3 Rh5 31. g3 Re5+ 32. Kd3 Re1 33. Re2 Rd1+ 34. Kc2 Rd4 35. Kc3 1/2-1/2

[Event "Regionalliga NO 1617"]
[Site "Bayern"]
[Date "2016.10.16"]
[Round "1.3"]
[White "Herning, Jens"]
[Black "Tong, Kevin"]
[Result "0-1"]
[WhiteElo "2104"]
[BlackElo "2067"]
[PlyCount "104"]
[EventDate "2016.10.16"]
[EventType "team-tourn"]
[EventRounds "9"]
[EventCountry "GER"]
[SourceTitle "EXT 2019"]
[Source "ChessBase"]
[SourceDate "2018.10.10"]
[SourceVersion "1"]
[SourceVersionDate "2018.10.10"]
[SourceQuality "1"]
[WhiteTeam "Buechenbach/Roth"]
[BlackTeam "Erlangen SC II"]
[WhiteTeamCountry "GER"]
[BlackTeamCountry "GER"]

1. d4 d5 2. c4 c6 3. Nf3 Nf6 4. Nc3 dxc4 5. a4 Bf5 6. e3 e6 7. Bxc4 Bb4 8. 0-0 0-0 9. Qe2 Bg4 10. h3 Bh5 11. Rd1 Nbd7 12. e4 Re8 13. e5 Nd5 14. Ne4 Rc8 15. Bd3 Bg6 16. Neg5 Nf8 17. Bxg6 hxg6 18. Bd2 Be7 19. a5 Qd7 20. Ne4 Nh7 21. Rdc1 Red8 22. Qd3 Qe8 23. Qb3 Rd7 24. Ra4 Rdc7 25. Rac4 Qd7 26. Ne1 b6 27. Nd3 Qd8 28. R4c2 Ng5 29. Nd6 Bxd6 30. exd6 Rd7 31. Rxc6 Rxc6 32. Rxc6 Ne4 33. Qc2 Nxd6 34. axb6 axb6 35. Nb4 Kh7 36. Nxd5 exd5 37. b3 Ra7 38. Kh2 Nf5 39. Qd3 Ra2 40. g3 Qb8 41. Kg2 Qb7 42. Rc1 Qe7 43. Re1 Qf6 44. Be3 Qd6 45. Re2 Ra1 46. Qc3 Qa3 47. g4 Nh4+ 48. Kg3 Rg1+ 49. Kxh4 Qe7+ 50. g5 Qe4+ 51. f4 Qf3 52. Bxg1 Qxf4# 0-1

[Event "Mittelfranken-chTB1 1213"]
[Site "Germany"]
[Date "2013.04.21"]
[Round "9.1"]
[White "Manthey, Frank"]
[Black "Herning, Jens"]
[Result "1/2-1/2"]
[WhiteElo "2067"]
[BlackElo "2123"]
[PlyCount "78"]
[EventDate "2012.10.07"]
[EventType "team-tourn"]
[EventRounds "9"]
[EventCountry "GER"]
[SourceTitle "EXT 2019"]
[Source "ChessBase"]
[SourceDate "2018.10.10"]
[SourceVersion "1"]
[SourceVersionDate "2018.10.10"]
[SourceQuality "1"]
[WhiteTeam "Schwanstetten"]
[BlackTeam "Buechenbach/Roth"]
[WhiteTeamCountry "GER"]
[BlackTeamCountry "GER"]

1. e4 c5 2. c3 Nf6 3. e5 Nd5 4. d4 cxd4 5. Nf3 e6 6. cxd4 d6 7. Bc4 Nc6 8. 0-0 Be7 9. Qe2 0-0 10. Nc3 dxe5 11. dxe5 Nxc3 12. bxc3 Qa5 13. Bd2 Rd8 14. Rab1 Qa4 15. h3 a6 16. Bb3 Qa3 17. Be3 Bc5 18. Rfd1 Bd7 19. Bc2 Bxe3 20. Qxe3 Be8 21. Rxd8 Rxd8 22. Rxb7 Qxa2 23. Qe4 g6 24. Rc7 Qa1+ 25. Kh2 Qxc3 26. Ba4 Qa5 27. Rxc6 Bxc6 28. Bxc6 Rb8 29. Ng5 Qd2 30. Qh4 h5 31. Nxf7 Kxf7 32. Qf6+ Kg8 33. Qxg6+ Kh8 34. Qf6+ Kg8 35. Qxe6+ Kh7 36. Qf7+ Kh8 37. Qxh5+ Kg8 38. Qg6+ Kh8 39. Be4 Qf4+ 1/2-1/2

[Event "Mittelfranken-chTB1 1213"]
[Site "Germany"]
[Date "2012.11.18"]
[Round "3.1"]
[White "Wittmann, Karl"]
[Black "Herning, Jens"]
[Result "1-0"]
[WhiteElo "2025"]
[BlackElo "2123"]
[PlyCount "97"]
[EventDate "2012.10.07"]
[EventType "team-tourn"]
[EventRounds "9"]
[EventCountry "GER"]
[SourceTitle "EXT 2019"]
[Source "ChessBase"]
[SourceDate "2018.10.10"]
[SourceVersion "1"]
[SourceVersionDate "2018.10.10"]
[SourceQuality "1"]
[WhiteTeam "Fuerth SF"]
[BlackTeam "Buechenbach/Roth"]
[WhiteTeamCountry "GER"]
[BlackTeamCountry "GER"]

1. e4 c5 2. Nf3 e6 3. Nc3 Nc6 4. Bb5 Nge7 5. 0-0 a6 6. Bxc6 Nxc6 7. d3 Be7 8. Be3 0-0 9. Ne1 d5 10. exd5 exd5 11. d4 Bf6 12. Ne2 Re8 13. h3 Bf5 14. c3 c4 15. Ng3 Bg6 16. Nf3 h5 17. Re1 h4 18. Nf1 Bh5 19. N1h2 Qd7 20. Qd2 Qf5 21. Bg5 Bxg5 22. Qxg5 Qxg5 23. Nxg5 f6 24. Ne6 Bf7 25. Nc5 b6 26. Nd7 b5 27. Nf3 Red8 28. Nc5 g5 29. Re3 a5 30. a4 b4 31. Rae1 bxc3 32. bxc3 Rab8 33. Nh2 Rd6 34. f4 Rb2 35. Rf1 Bh5 36. fxg5 fxg5 37. Ne6 Rb3 38. Rf5 Kh7 39. Rxg5 Rb1+ 40. Nf1 Kh6 41. Rf5 Kg6 42. Rf4 Bd1 43. Rxh4 Bxa4 44. Rg4+ Kh6 45. Rf4 Kh7 46. Rf6 Kh8 47. Rg3 Bc2 48. Rh6+ Bh7 49. Rg7 1-0

[Event "Mittelfranken-chTB1 1213"]
[Site "Germany"]
[Date "2012.10.21"]
[Round "2.1"]
[White "Herning, Jens"]
[Black "Martin, Thomas"]
[Result "0-1"]
[WhiteElo "2123"]
[BlackElo "2205"]
[PlyCount "110"]
[EventDate "2012.10.07"]
[EventType "team-tourn"]
[EventRounds "9"]
[EventCountry "GER"]
[SourceTitle "EXT 2019"]
[Source "ChessBase"]
[SourceDate "2018.10.10"]
[SourceVersion "1"]
[SourceVersionDate "2018.10.10"]
[SourceQuality "1"]
[WhiteTeam "Buechenbach/Roth"]
[BlackTeam "Nuernberg NT III"]
[WhiteTeamCountry "GER"]
[BlackTeamCountry "GER"]

1. d4 g6 2. c4 Bg7 3. Nf3 d6 4. Nc3 Nd7 5. e4 e5 6. Be2 Ngf6 7. 0-0 0-0 8. Re1 h6 9. Bf1 Re8 10. Rb1 exd4 11. Nxd4 Nc5 12. f3 a5 13. Ndb5 Bd7 14. Be3 Bxb5 15. Nxb5 Nfd7 16. Qd2 Kh7 17. Rbd1 b6 18. b3 Qc8 19. Bd4 Bxd4+ 20. Qxd4 Ne6 21. Qd2 g5 22. g3 Ne5 23. Bg2 Rg8 24. Kh1 Qd8 25. Rf1 Rc8 26. h3 Ng6 27. Nc3 Qf6 28. Nd5 Qg7 29. Qe3 h5 30. Rd2 Kh8 31. f4 gxf4 32. gxf4 Nh4 33. Qf2 Qg3 34. f5 Nxg2 35. Qxg2 Qh4 36. fxe6 Rxg2 37. Rxg2 fxe6 38. Nf4 Kh7 39. Kh2 Rg8 40. Rxg8 Kxg8 41. Nxe6 Kh7 42. Rf5 Kh6 43. Ng5 Qe1 44. Nf7+ Kg6 45. Ng5 Qd2+ 46. Kg3 Qxa2 47. Ne6 Qxb3+ 48. Kh4 Qxc4 49. Nf4+ Kh7 50. Kxh5 Qxe4 51. Kg5 Qe7+ 52. Kg4 a4 53. Nd5 Qe6 54. h4 a3 55. Nf6+ Kh8 0-1

[Event "Nuremberg LGA Cup 7th"]
[Site "Nuremberg"]
[Date "2010.09.05"]
[Round "7"]
[White "Herning, Jens"]
[Black "Luther, Helmut"]
[Result "1/2-1/2"]
[WhiteElo "2107"]
[BlackElo "1969"]
[PlyCount "118"]
[EventDate "2010.09.02"]
[EventType "swiss"]
[EventRounds "7"]
[EventCountry "GER"]
[SourceTitle "CBM 138 Extra"]
[Source "ChessBase"]
[SourceDate "2010.10.29"]
[SourceVersion "1"]
[SourceVersionDate "2010.10.29"]
[SourceQuality "1"]

1. d4 d5 2. c4 e6 3. Nc3 Nf6 4. Bg5 Nbd7 5. e3 c6 6. Nf3 Qa5 7. Nd2 dxc4 8. Bxf6 Nxf6 9. Nxc4 Qd8 10. Be2 Be7 11. 0-0 0-0 12. f4 c5 13. Bf3 cxd4 14. exd4 Rb8 15. Ne5 Qb6 16. Na4 Qa5 17. Qb3 Bd7 18. Nc3 Qb4 19. Rfd1 Qxb3 20. axb3 a6 21. d5 exd5 22. Nxd5 Bc5+ 23. Kh1 Be6 24. Nxf6+ gxf6 25. Nd7 Bxd7 26. Rxd7 b6 27. Rxa6 Rbd8 28. Raa7 Rxd7 29. Rxd7 Re8 30. g3 Re7 31. Rd2 Kg7 32. Bc6 Bb4 33. Rc2 Re1+ 34. Kg2 Rd1 35. Rc4 Rd2+ 36. Kf3 Bc5 37. b4 Rd4 38. Rxd4 Bxd4 39. b3 Bg1 40. h3 h6 41. Ke4 Bf2 42. g4 Be1 43. b5 Bf2 44. Bd5 Be1 45. Bc4 Bf2 46. Kd5 Be3 47. Kc6 Bf2 48. Kd7 Kf8 49. Bd5 Be3 50. Kc6 Kg7 51. h4 Bf2 52. Be4 Be3 53. Bf5 Bf2 54. h5 Be3 55. Bd3 Bf2 56. Kd7 Be3 57. Ke7 Bxf4 58. Bc4 Be3 59. Bxf7 Bg1 1/2-1/2

[Event "Nuremberg LGA Cup 7th"]
[Site "Nuremberg"]
[Date "2010.09.02"]
[Round "1"]
[White "Ftacnik, Lubomir"]
[Black "Herning, Jens"]
[Result "1-0"]
[WhiteElo "2568"]
[BlackElo "2151"]
[PlyCount "55"]
[EventDate "2010.09.02"]
[EventType "swiss"]
[EventRounds "7"]
[EventCountry "GER"]
[SourceTitle "CBM 138 Extra"]
[Source "ChessBase"]
[SourceDate "2010.10.29"]
[SourceVersion "1"]
[SourceVersionDate "2010.10.29"]
[SourceQuality "1"]

1. Nf3 d5 2. d4 Nf6 3. c4 c6 4. e3 e6 5. Bd3 dxc4 6. Bxc4 b5 7. Bd3 a6 8. a4 Bb7 9. e4 Be7 10. 0-0 0-0 11. Qc2 h6 12. Qe2 c5 13. e5 c4 14. Bc2 Nfd7 15. Nc3 b4 16. Nd1 a5 17. Ne3 Nb6 18. Rd1 Qc7 19. d5 exd5 20. Nf5 Re8 21. N3d4 Bf8 22. Qg4 g6 23. e6 h5 24. Qg5 Bc8 25. Bf4 Qb7 26. Qf6 gxf5 27. Be5 fxe6 28. Qh8+ 1-0

[Event "Regionalliga NO 0910"]
[Site "Bayern"]
[Date "2010.04.11"]
[Round "9.1"]
[White "Mueller, Christian2222"]
[Black "Herning, Jens"]
[Result "0-1"]
[WhiteElo "2098"]
[BlackElo "2132"]
[PlyCount "104"]
[EventDate "2009.10.18"]
[EventType "team-tourn"]
[EventRounds "9"]
[EventCountry "GER"]
[SourceTitle "EXT 2011"]
[Source "ChessBase"]
[SourceDate "2010.11.26"]
[SourceVersion "1"]
[SourceVersionDate "2010.11.26"]
[SourceQuality "1"]
[WhiteTeam "Windischeschenbach"]
[BlackTeam "Buechenbach/Roth"]
[WhiteTeamCountry "GER"]
[BlackTeamCountry "GER"]

1. c4 e5 2. g3 Nf6 3. Bg2 Nc6 4. Nc3 Bb4 5. Nd5 Bc5 6. e3 0-0 7. Ne2 Nxd5 8. cxd5 Ne7 9. 0-0 d6 10. a3 f5 11. f4 e4 12. b4 Bb6 13. Qb3 a5 14. Rb1 a4 15. Qc4 Qe8 16. d3 exd3 17. Qxd3 Kh8 18. Bb2 Ng8 19. Nd4 Bd7 20. h3 Qg6 21. Kh2 Rae8 22. Rbe1 Nf6 23. Rg1 Ng4+ 24. hxg4 Qh6+ 25. Bh3 fxg4 26. Kg2 gxh3+ 27. Kh2 Qh5 28. e4 Qg4 29. Rgf1 h5 30. f5 Bxd4 31. Bxd4 Kg8 32. Rf4 Qg5 33. Ref1 Rf7 34. Bc3 Ref8 35. Qd4 Bb5 36. R1f2 Qh6 37. Bd2 Qf6 38. Qxf6 gxf6 39. Kxh3 Re8 40. Rh4 Rh7 41. Bc3 Kf7 42. Kg2 Rg8 43. Kf3 c6 44. Rfh2 cxd5 45. exd5 Rg5 46. Kf4 Bd7 47. g4 Rhg7 48. gxh5 Rxf5+ 49. Ke4 Rg3 50. Bb2 Rff3 51. Rd2 Bf5+ 52. Kd4 b5 0-1

[Event "Regionalliga NO 0910"]
[Site "Bayern"]
[Date "2009.11.29"]
[Round "3.1"]
[White "Herning, Jens"]
[Black "Palek, Miroslav"]
[Result "1/2-1/2"]
[WhiteElo "2132"]
[BlackElo "2215"]
[PlyCount "120"]
[EventDate "2009.10.18"]
[EventType "team-tourn"]
[EventRounds "9"]
[EventCountry "GER"]
[SourceTitle "EXT 2011"]
[Source "ChessBase"]
[SourceDate "2010.11.26"]
[SourceVersion "1"]
[SourceVersionDate "2010.11.26"]
[SourceQuality "1"]
[WhiteTeam "Buechenbach/Roth"]
[BlackTeam "Dietfurt"]
[WhiteTeamCountry "GER"]
[BlackTeamCountry "GER"]

1. d4 Nf6 2. c4 e6 3. Nf3 Bb4+ 4. Nbd2 b6 5. g3 Bb7 6. Bg2 0-0 7. 0-0 Bxd2 8. Qxd2 d6 9. b3 Nbd7 10. Bb2 Ne4 11. Qc2 f5 12. Rfd1 Ndf6 13. Nd2 Qe7 14. f3 Nxd2 15. Rxd2 e5 16. dxe5 dxe5 17. c5 e4 18. Qc4+ Kh8 19. c6 Bc8 20. Rad1 Be6 21. Qd4 Kg8 22. fxe4 Nxe4 23. Bxe4 fxe4 24. Qxe4 Qf7 25. Qg2 Qf5 26. Rd3 a5 27. Ba3 Rfe8 28. Qf3 a4 29. bxa4 Qxf3 30. exf3 Rxa4 31. Re3 Kf7 32. Rc3 Rea8 33. Rdd3 b5 34. Bc1 Rxa2 35. Ra3 R8xa3 36. Rxa3 Ke7 37. Rxa2 Bxa2 38. Bf4 Kd8 39. Be5 g6 40. Kf2 Bd5 41. Ke3 Bxc6 42. f4 Kd7 43. Kd4 Bg2 44. Kc5 c6 45. g4 Ke6 46. g5 Kf5 47. Bb8 Bd5 48. Bc7 Kg4 49. Bd6 Kh3 50. Be5 Kxh2 51. f5+ Kh3 52. fxg6 hxg6 53. Bf6 Kg4 54. Be7 Kf3 55. Bf6 Ke3 56. Bc3 Bf3 57. Ba5 Kd3 58. Bb4 Bg4 59. Ba5 Be6 60. Bb4 Bf7 1/2-1/2

[Event "Regionalliga NO 0910"]
[Site "Bayern"]
[Date "2009.10.18"]
[Round "1.1"]
[White "Herning, Jens"]
[Black "Speckner, Roland"]
[Result "0-1"]
[WhiteElo "2132"]
[BlackElo "2305"]
[PlyCount "60"]
[EventDate "2009.10.18"]
[EventType "team-tourn"]
[EventRounds "9"]
[EventCountry "GER"]
[SourceTitle "EXT 2011"]
[Source "ChessBase"]
[SourceDate "2010.11.26"]
[SourceVersion "1"]
[SourceVersionDate "2010.11.26"]
[SourceQuality "1"]
[WhiteTeam "Buechenbach/Roth"]
[BlackTeam "Kareth Lappersdorf"]
[WhiteTeamCountry "GER"]
[BlackTeamCountry "GER"]

1. d4 g6 2. e4 Bg7 3. Nc3 d6 4. f4 Nc6 5. Be3 Nf6 6. Be2 e6 7. Qd2 Ne7 8. 0-0-0 b6 9. Bf3 Bb7 10. g4 a6 11. g5 Nd7 12. h4 b5 13. h5 Nb6 14. hxg6 hxg6 15. Rxh8+ Bxh8 16. Qh2 Bg7 17. Qh7 Kf8 18. Nce2 Rb8 19. Ng3 Nc4 20. Bf2 c5 21. Kb1 Qa5 22. Be1 b4 23. N1e2 Nxb2 24. Kxb2 Qa3+ 25. Kb1 c4 26. Nc1 Qxf3 27. Rd2 Bxe4 28. Re2 Bf5 29. Nxf5 Nxf5 30. d5 Qa3 0-1

[Event "Nuremberg LGA Cup 6th"]
[Site "Nuremberg"]
[Date "2009.09.06"]
[Round "6"]
[White "Herning, Jens"]
[Black "Reich, Thomas"]
[Result "1/2-1/2"]
[WhiteElo "2084"]
[BlackElo "2368"]
[PlyCount "111"]
[EventDate "2009.09.03"]
[EventType "swiss"]
[EventRounds "7"]
[EventCountry "GER"]
[SourceTitle "CBM 132 Extra"]
[Source "ChessBase"]
[SourceDate "2009.11.03"]
[SourceVersion "1"]
[SourceVersionDate "2009.11.03"]
[SourceQuality "1"]

1. d4 Nf6 2. c4 g6 3. Nc3 Bg7 4. e4 0-0 5. Nf3 c5 6. Be2 cxd4 7. Nxd4 Nc6 8. Be3 b6 9. Qd2 Bb7 10. f3 Qb8 11. 0-0-0 Rc8 12. h4 h5 13. Kb1 Ne5 14. b3 a6 15. Nd5 Qd6 16. Nc2 Nxd5 17. cxd5 b5 18. Bd4 e6 19. f4 Ng4 20. e5 Qf8 21. Bxg4 hxg4 22. d6 Be4 23. Rc1 Rxc2 24. Rxc2 Rc8 25. Rhc1 Rxc2 26. Rxc2 f6 27. Kb2 fxe5 28. fxe5 Bxc2 29. Qxc2 Qf4 30. Qc5 Qd2+ 31. Ka3 a5 32. b4 axb4+ 33. Qxb4 Qxg2 34. Qxb5 Qf3+ 35. Kb4 Qd5 36. Qc4 Qa8 37. a4 g3 38. a5 g2 39. Qc5 Qe4 40. Kb5 Bxe5 41. Bxe5 Qc6+ 42. Qxc6 dxc6+ 43. Kxc6 g1Q 44. d7 Qd1 45. Kc7 Qc2+ 46. Kb8 Qd3 47. Kc7 Qc4+ 48. Kb8 Qd5 49. Kc8 Qa8+ 50. Bb8 Qa6+ 51. Kc7 Qxa5+ 52. Kc8 Qa6+ 53. Kc7 Qc4+ 54. Kb7 Qxh4 55. Bc7 Qe4+ 56. Kb8 1/2-1/2

[Event "Nuremberg LGA Cup 6th"]
[Site "Nuremberg"]
[Date "2009.09.05"]
[Round "5"]
[White "Wagner, Florian"]
[Black "Herning, Jens"]
[Result "0-1"]
[WhiteElo "2323"]
[BlackElo "2084"]
[PlyCount "134"]
[EventDate "2009.09.03"]
[EventType "swiss"]
[EventRounds "7"]
[EventCountry "GER"]
[SourceTitle "CBM 132 Extra"]
[Source "ChessBase"]
[SourceDate "2009.11.03"]
[SourceVersion "1"]
[SourceVersionDate "2009.11.03"]
[SourceQuality "1"]

1. d4 d5 2. Nf3 Nf6 3. g3 Bf5 4. Bg2 e6 5. 0-0 Be7 6. c4 0-0 7. Nc3 c6 8. b3 h6 9. Bb2 Nbd7 10. Nd2 Re8 11. e4 dxe4 12. Ndxe4 Nxe4 13. Nxe4 Nf6 14. Nc5 b6 15. Nd3 Rc8 16. Ne5 Qd6 17. Qe2 Nd7 18. c5 bxc5 19. dxc5 Nxc5 20. Rfd1 Qc7 21. Nxc6 Bf8 22. Rac1 Qb6 23. Ne5 Red8 24. Bd4 f6 25. Nc4 Qa6 26. f4 Nd3 27. Be3 Nxc1 28. Rxc1 Bd3 29. Qf2 Bxc4 30. bxc4 Rxc4 31. Rxc4 Qxc4 32. Bf1 Qa4 33. Bxa7 Ra8 34. Bd4 Qxa2 35. Qxa2 Rxa2 36. Bc4 Rc2 37. Bxe6+ Kh8 38. h4 Bc5 39. Bxc5 Rxc5 40. Kg2 g6 41. Bg4 Rc2+ 42. Kg1 Kg7 43. Bf3 Rb2 44. Bd5 Kf8 45. Be4 Kf7 46. Bd5+ Ke7 47. Be4 f5 48. Bd5 Rd2 49. Bc6 Kf6 50. Bf3 Rc2 51. Bd5 Rc5 52. Bf3 Ke6 53. Bb7 Rc2 54. Bf3 Kd6 55. Bb7 Rb2 56. Bf3 Kc5 57. Bg2 Kd4 58. Bf3 Ke3 59. Bd5 Rd2 60. Ba8 Rd8 61. Bb7 g5 62. fxg5 hxg5 63. hxg5 Rg8 64. Kh2 Rxg5 65. Bc8 Kf2 66. Bxf5 Rxf5 67. g4 Rg5 0-1

[Event "Mittelfranken-ch HT 58th"]
[Site "Postbauer"]
[Date "2009.04.07"]
[Round "2.5"]
[White "Herning, Jens"]
[Black "Klek, Hanna Marie"]
[Result "0-1"]
[WhiteElo "2099"]
[BlackElo "1954"]
[PlyCount "114"]
[EventDate "2009.04.07"]
[EventType "swiss"]
[EventRounds "9"]
[EventCountry "GER"]
[SourceTitle "EXT 2011"]
[Source "ChessBase"]
[SourceDate "2010.11.26"]
[SourceVersion "1"]
[SourceVersionDate "2010.11.26"]
[SourceQuality "1"]

1. d4 d5 2. c4 c6 3. Nf3 Nf6 4. Nc3 e6 5. e3 Nbd7 6. Bd3 dxc4 7. Bxc4 b5 8. Bd3 a6 9. e4 Bb7 10. 0-0 Be7 11. Qe2 0-0 12. Rd1 c5 13. d5 exd5 14. Nxd5 Nxd5 15. exd5 Bd6 16. Qe4 g6 17. Bg5 Qc7 18. Qh4 Rfe8 19. Rd2 Nb6 20. Rad1 Bxd5 21. Be2 Bf8 22. b3 Re4 23. Qg3 Bd6 24. Qh3 Be6 25. Qh6 Bf8 26. Bd8 Bxh6 27. Bxc7 Nd5 28. Bd3 Rb4 29. Be5 Bxd2 30. Rxd2 c4 31. Bc2 cxb3 32. axb3 Rc8 33. Bd6 Rxc2 34. Rxc2 Rxb3 35. Nd2 Rc3 36. Rxc3 Nxc3 37. f3 a5 38. Ne4 Na2 39. Kf2 f5 40. Nd2 Nb4 41. Nb1 Kf7 42. Ke3 Bc4 43. Kd2 Ke6 44. Bf8 Nc6 45. f4 b4 46. Bg7 Ba2 47. Kc1 Bxb1 48. Kxb1 Kd5 49. Kb2 Kc4 50. h3 a4 51. g4 Nd4 52. gxf5 Nxf5 53. Bf6 Ne3 54. h4 a3+ 55. Kb1 Kb3 56. Bd4 a2+ 57. Kc1 Nc2 0-1

[Event "Mittelfranken-chTB1 0809"]
[Site "Mittelfranken"]
[Date "2008.12.07"]
[Round "3.1"]
[White "Herning, Jens"]
[Black "Kociurzynski, Andre"]
[Result "1-0"]
[WhiteElo "2074"]
[BlackElo "1999"]
[PlyCount "83"]
[EventDate "2008.10.12"]
[EventType "team"]
[EventRounds "9"]
[EventCountry "GER"]
[SourceTitle "EXT 2011"]
[Source "ChessBase"]
[SourceDate "2010.11.26"]
[SourceVersion "1"]
[SourceVersionDate "2010.11.26"]
[SourceQuality "1"]
[WhiteTeam "Buechenbach/Roth"]
[BlackTeam "Fuerth SF"]
[WhiteTeamCountry "GER"]
[BlackTeamCountry "GER"]

1. d4 Nf6 2. c4 g6 3. Nc3 Bg7 4. e4 d6 5. Nf3 0-0 6. Be2 e5 7. 0-0 Nc6 8. d5 Ne7 9. Ne1 Nd7 10. Nd3 f5 11. Bd2 Kh8 12. f3 f4 13. b4 b6 14. Qc2 g5 15. c5 Ba6 16. b5 Bc8 17. cxd6 cxd6 18. Nb4 Nc5 19. Nc6 Qe8 20. a4 Bd7 21. a5 Qf7 22. Ra3 Nb7 23. axb6 axb6 24. Rfa1 Rxa3 25. Rxa3 Nc8 26. Ra8 h5 27. Na4 Nc5 28. Nxc5 dxc5 29. Bc3 Re8 30. Qb2 Qf6 31. Rb8 g4 32. Rb7 Bxc6 33. bxc6 Nd6 34. Rxb6 gxf3 35. gxf3 Rg8 36. Qb1 Qh4 37. Qf1 Nf7 38. Kh1 Qd8 39. Rb7 Ng5 40. Rd7 Qb6 41. c7 c4 42. h4 1-0

[Event "Mittelfrankenliga-B1 0708"]
[Site "Mittelfranken"]
[Date "2007.11.25"]
[Round "3.1"]
[White "Herning, Jens"]
[Black "Aronov, Maksym"]
[Result "1/2-1/2"]
[WhiteElo "2074"]
[BlackElo "2258"]
[PlyCount "119"]
[EventDate "2007.10.14"]
[EventType "team-tourn"]
[EventRounds "9"]
[EventCountry "GER"]
[SourceTitle "EXT 2011"]
[Source "ChessBase"]
[SourceDate "2010.11.26"]
[SourceVersion "1"]
[SourceVersionDate "2010.11.26"]
[SourceQuality "1"]
[WhiteTeam "Buechenbach/Roth"]
[BlackTeam "Fuerth SZ"]
[WhiteTeamCountry "GER"]
[BlackTeamCountry "GER"]

1. d4 Nf6 2. c4 g6 3. Nc3 d5 4. cxd5 Nxd5 5. e4 Nxc3 6. bxc3 Bg7 7. Nf3 0-0 8. Rb1 c5 9. Be2 Nc6 10. e5 Be6 11. Rxb7 Bxa2 12. 0-0 Bd5 13. Rb1 cxd4 14. cxd4 Rb8 15. Rxb8 Qxb8 16. Ba3 Rd8 17. Qa4 Bf8 18. Bc5 e6 19. Bxf8 Kxf8 20. Rd1 Qb6 21. Ne1 Kg7 22. Qa1 Bb3 23. Rb1 Qxd4 24. Qxd4 Nxd4 25. Ba6 Bd5 26. f4 h5 27. Kf2 Bc6 28. Rb2 Rd5 29. Ra2 Rc5 30. Ke3 Nf5+ 31. Kf2 Bd5 32. Ra3 Ne7 33. Ke3 Ba8 34. g3 g5 35. Be2 gxf4+ 36. gxf4 Rc7 37. Nd3 Nf5+ 38. Kd2 h4 39. Ra4 Bd5 40. Nb4 Bg2 41. Ke1 Rd7 42. Kf2 Be4 43. Na2 Bc6 44. Ra6 Rd2 45. Nc3 Rc2 46. Rxc6 Nd4 47. Rd6 Nf5 48. Rd3 a5 49. Kf3 Rb2 50. Ne4 a4 51. Nd6 Ne7 52. Nc4 Rc2 53. Nb6 Ra2 54. h3 Nf5 55. Bd1 Rh2 56. Nxa4 Rxh3+ 57. Ke4 Rh1 58. Bg4 Re1+ 59. Kf3 Rf1+ 60. Ke4 1/2-1/2

[Event "Mittelfrankenliga-B2b 0607"]
[Site "Mittelfranken"]
[Date "2007.03.11"]
[Round "7.1"]
[White "Hoermann, Gunther"]
[Black "Herning, Jens"]
[Result "0-1"]
[WhiteElo "2128"]
[BlackElo "2057"]
[PlyCount "96"]
[EventDate "2006.10.22"]
[EventType "team-tourn"]
[EventRounds "9"]
[EventCountry "GER"]
[SourceTitle "EXT 2011"]
[Source "ChessBase"]
[SourceDate "2010.11.26"]
[SourceVersion "1"]
[SourceVersionDate "2010.11.26"]
[SourceQuality "1"]
[WhiteTeam "Cadolzburg"]
[BlackTeam "Buechenbach/Roth"]
[WhiteTeamCountry "GER"]
[BlackTeamCountry "GER"]

1. d4 d5 2. Nf3 Nf6 3. e3 Bf5 4. c4 c6 5. Qb3 Qc7 6. cxd5 cxd5 7. Nc3 e6 8. Bb5+ Nc6 9. Bd2 Bd6 10. 0-0 Ne4 11. Rfd1 Bg4 12. h3 Bxf3 13. gxf3 Nxd2 14. Rxd2 0-0 15. Rc1 Rac8 16. f4 Qe7 17. Qd1 f5 18. Qf3 Kh8 19. Kh1 a6 20. Be2 b5 21. Rg1 Na5 22. Qg3 Bb4 23. Rc2 Bxc3 24. bxc3 Rc7 25. f3 Rfc8 26. Rgc1 Nc4 27. Bxc4 Rxc4 28. e4 dxe4 29. fxe4 Qb7 30. Rg2 Rxd4 31. Rcg1 Rd7 32. exf5 exf5 33. Kh2 Re8 34. h4 Qe4 35. h5 Qe3 36. Qg5 Qe6 37. Rd1 h6 38. Qg3 Ree7 39. Rgd2 Rxd2+ 40. Rxd2 Kh7 41. Rg2 Qf7 42. Qg6+ Qxg6 43. hxg6+ Kg8 44. Rd2 Kf8 45. Rd8+ Re8 46. Rd5 Re6 47. Rxf5+ Kg8 48. Kg3 Rxg6+ 0-1

[Event "Mittelfrankenliga-B2b 0607"]
[Site "Mittelfranken"]
[Date "2007.02.11"]
[Round "6.1"]
[White "Wittmann, Paul"]
[Black "Herning, Jens"]
[Result "1/2-1/2"]
[WhiteElo "2078"]
[BlackElo "2057"]
[PlyCount "58"]
[EventDate "2006.10.22"]
[EventType "team-tourn"]
[EventRounds "9"]
[EventCountry "GER"]
[SourceTitle "EXT 2011"]
[Source "ChessBase"]
[SourceDate "2010.11.26"]
[SourceVersion "1"]
[SourceVersionDate "2010.11.26"]
[SourceQuality "1"]
[WhiteTeam "Nuernberg Zabo"]
[BlackTeam "Buechenbach/Roth"]
[WhiteTeamCountry "GER"]
[BlackTeamCountry "GER"]

1. d4 d5 2. c4 c6 3. Nf3 Nf6 4. Nc3 e6 5. cxd5 exd5 6. Bg5 h6 7. Bf4 Bf5 8. Qb3 Qb6 9. Qxb6 axb6 10. a3 Nbd7 11. e3 Be7 12. Be2 0-0 13. 0-0 b5 14. Ne5 Nxe5 15. Bxe5 Nd7 16. Bg3 Ra7 17. Rac1 b4 18. axb4 Bxb4 19. Rfd1 Rfa8 20. f3 Bxc3 21. bxc3 Ra2 22. Bf1 b5 23. Re1 Nb6 24. e4 Be6 25. Bc7 Na4 26. exd5 Bxd5 27. c4 bxc4 28. Bxc4 Rd2 29. Bxd5 cxd5 1/2-1/2